| 000 | 00407pab a2200157 454500 | ||
|---|---|---|---|
| 008 | 180718b2003 xxu||||| |||| 00| 0 eng d | ||
| 100 | _aOsman, Ferdous Arfina | ||
| 245 | _aHealth in Bangladesh: role of policy context | ||
| 260 | _c2003 | ||
| 300 | _ap.66-86. | ||
| 362 | _aJul-Sep | ||
| 650 | _aHealth services - Bangladesh | ||
| 650 | _aHealth services | ||
| 773 | _aIASSI Quarterly | ||
| 909 | _a62196 | ||
| 999 |
_c62196 _d62196 |
||